| 000 | 00609nam a2200205Ia 4500 | ||
|---|---|---|---|
| 003 | GCL | ||
| 008 | 140319s9999 xx 000 0 ara d | ||
| 040 |
_aGCL / _cGCL |
||
| 082 | 0 | 4 |
_a953.0716 _bح ا |
| 100 | 1 | _aحسين مؤنس | |
| 245 | 1 | 0 |
_aاخبار العصر فى انقضاء دولة بنى نصر / _cحسين مؤنس |
| 260 |
_a[S.N] : _bالزهراء للاعلام العربى ، _c1991 |
||
| 300 | _a119 ص | ||
| 490 | _a | ||
| 650 | 0 | 4 | _aالاندلس |
| 650 | 0 | 4 | _aالتاريخ الاسلامى |
| 650 | 0 | 4 | _aغرناطة |
| 650 | 0 | 4 | _aدولة بنى نصر |
| 942 |
_2ddc _cBK |
||
| 999 |
_c30819 _d30819 |
||